| 000 | 00478nam a2200121Ia 4500 | ||
|---|---|---|---|
| 008 | 171212s9999 xx 000 0 und d | ||
| 020 | _a9780874216004 | ||
| 245 | _aGenre Across The Curriculum | ||
| 260 |
_bUniversity Press of Colorado _c2005 |
||
| 650 | _aEnglish language -- Rhetoric -- Study and teaching; Interdisciplinary approach in education; Academic writing -- Study and teaching | ||
| 650 | _aLanguage & Literature | ||
| 856 | _uwww.jstor.org/stable/10.2307/j.ctt46nx0j | ||
| 999 |
_c353073 _d353073 |
||